Einführung in die Betriebswirtschaftslehre
Gespeichert in:
| 1. Verfasser: | |
|---|---|
| Format: | Buch |
| Sprache: | Deutsch |
| Veröffentlicht: |
Wiesbaden
Gabler
1985
|
| Ausgabe: | 9. verb. Aufl. |
| Schlagworte: | |
| Tags: |
Keine Tags, Fügen Sie das erste Tag hinzu!
|
MARC
| LEADER | 00000nam a2200000 4500 | ||
|---|---|---|---|
| 001 | c000134 | ||
| 005 | 20221220081734.9 | ||
| 020 | |a 3-409-32750-9 | ||
| 041 | 0 | |a ger | |
| 044 | |a DE | ||
| 245 | 1 | 0 | |a Einführung in die Betriebswirtschaftslehre |c Edmund Heinen |
| 250 | |a 9. verb. Aufl. | ||
| 264 | 1 | |a Wiesbaden |b Gabler |c 1985 | |
| 300 | |a 285 s. | ||
| 610 | 2 | 0 | |a veda o podniku |
| 610 | 2 | 0 | |a modely ekonomické |
| 610 | 2 | 0 | |a modely podniku |
| 610 | 2 | 0 | |a štruktúra organizačná |
| 610 | 2 | 0 | |a organizácia práce |
| 610 | 2 | 0 | |a ciele podnikové |
| 610 | 2 | 0 | |a riziko |
| 610 | 2 | 0 | |a rozhodovanie podnikové |
| 610 | 2 | 0 | |a činnosť hospodárska |
| 100 | 1 | |a Heinen, Edmund | |